000 00490nam a2200181Ia 4500
003 OSt
005 20240712165920.0
008 210210b1956 xxu||||| |||| 00| 0 eng d
040 _cAL
041 _aKannada
082 _a859/539
100 _aJAYALAKSHMI (M K) ಜಯಲಕ್ಷ್ಮಿ ಎಂ ಕೆ
_9173415
245 _aKanasina kade-1
_bಕನಸಿನ ಕಡೆ ೧
260 _aBengaluru
_b-
_c1956
690 _aKannada Fiction
_9173416
906 _a021399
942 _2ddc
_cBK
999 _c145481
_d145481